Grace for the pace: (Record no. 18015)

000 -LEADER
fixed length control field 00824nam a22001817a 4500
008 - FIXED-LENGTH DATA ELEMENTS--GENERAL INFORMATION
fixed length control field 111217t xxu||||| |||| 00| 0 eng d
020 ## - INTERNATIONAL STANDARD BOOK NUMBER
International Standard Book Number 1933433027
050 ## - LIBRARY OF CONGRESS CALL NUMBER
Classification number BV 4511
Item number .J6 G7
100 ## - MAIN ENTRY--PERSONAL NAME
Personal name Jones, Beth
Fuller form of name Jones, Beth Ann
9 (RLIN) 1762
245 ## - TITLE STATEMENT
Title Grace for the pace:
Remainder of title God's word for stressed and overloaded lives.
Statement of responsibility, etc 6 sessions.
260 ## - PUBLICATION, DISTRIBUTION, ETC. (IMPRINT)
Place of publication, distribution, etc Portage, MI
Name of publisher, distributor, etc Valley Press Publishers
Date of publication, distribution, etc 2005.
300 ## - PHYSICAL DESCRIPTION
Extent 85 p.
Dimensions 23 cm.
440 ## - SERIES STATEMENT/ADDED ENTRY--TITLE
Title Bite sized Bible studies.
9 (RLIN) 1763
520 ## - SUMMARY, ETC.
Summary, etc If you feel overloaded, marginless and stressed out, this Bible Study is for you. God wants to enlarge our capacity to handle the stress of daily living while giving us peace and comfort. In this study, you'll learn to operate in God's grace for the pace.
650 ## - SUBJECT ADDED ENTRY--TOPICAL TERM
Topical term or geographic name as entry element Stress (Psycology).
9 (RLIN) 1764
650 ## - SUBJECT ADDED ENTRY--TOPICAL TERM
Topical term or geographic name as entry element Christian life.
942 ## - ADDED ENTRY ELEMENTS (KOHA)
Source of classification or shelving scheme
Item type Books
Copies
Koha item type Date last seen Full call number Not for loan Permanent location Shelving location Source of classification or shelving scheme Barcode Current location Damaged status Copy number Withdrawn status Date acquired Price effective from Lost status
Books2011-12-17BV 4511 .J6 G7 RHEMA Bible Training CollegeGeneral Stacks 22356RHEMA Bible Training College 1 2011-12-172011-12-17